|
|
|
|
| LEADER |
02353nam a2200577 i 4500 |
| 001 |
nkc20223474676 |
| 003 |
CZ PrNK |
| 005 |
20230725100703.0 |
| 007 |
ta |
| 008 |
230516s2022 xr ab e 000 0 cze |
| 015 |
|
|
|a cnb003474676
|
| 020 |
|
|
|a 978-80-88427-92-6
|q (vázáno)
|z 978-80-88427-87-2
|
| 035 |
|
|
|a (OCoLC)1381701019
|
| 040 |
|
|
|a ABA001
|b cze
|e rda
|
| 041 |
1 |
|
|a cze
|a eng
|h cze
|
| 043 |
|
|
|a e-xr---
|b e-xr-pa
|2 czenas
|
| 072 |
|
7 |
|a 913(437)
|x Geografie Česka a Slovenska, reálie, cestování
|2 Konspekt
|9 7
|
| 080 |
|
|
|a 778.35
|2 MRF
|
| 080 |
|
|
|a 913(437.314)
|2 MRF
|
| 080 |
|
|
|a (437.314)
|2 MRF
|
| 080 |
|
|
|a (084.12)
|2 MRF
|
| 100 |
1 |
|
|a Bartáková, Jana
|7 jx20050107003
|4 aut
|
| 245 |
1 |
0 |
|a Vysoké Mýto a okolí nejen z nebe =
|b Vysoké Mýto and its surroundings not only from heaven /
|c Jana Bartáková a kolektiv CBS ; překlad: Skřivánek s.r.o.
|
| 246 |
3 |
1 |
|a Vysoké Mýto and its surroundings not only from heaven
|
| 250 |
|
|
|a 1. vydání
|
| 264 |
|
1 |
|a Zlín :
|b Creative Business Studio,
|c 2022
|
| 300 |
|
|
|a 142 stran :
|b barevné ilustrace, mapy ;
|c 18 x 26 cm
|
| 336 |
|
|
|a text
|b txt
|2 rdacontent
|
| 336 |
|
|
|a statický obraz
|b sti
|2 rdacontent
|
| 337 |
|
|
|a bez média
|b n
|2 rdamedia
|
| 338 |
|
|
|a svazek
|b nc
|2 rdacarrier
|
| 490 |
1 |
|
|a Česko z nebe
|
| 500 |
|
|
|a Pod názvem: Jangelec, Vysoké Mýto, Old Mill - coffee roastery
|
| 500 |
|
|
|a V knize chybně vytištěna tiráž publikace "Vysoké Mýto a okolí z nebe"
|
| 546 |
|
|
|a Souběžný anglický text
|
| 650 |
0 |
7 |
|a letecká fotografie
|7 ph115127
|z Česko
|2 czenas
|
| 650 |
0 |
9 |
|a aerial photography
|z Czechia
|2 eczenas
|
| 651 |
|
7 |
|a Vysoké Mýto (Česko : oblast)
|7 ge131354
|x reálie
|2 czenas
|
| 651 |
|
9 |
|a Vysoké Mýto Region (Czechia)
|x description and travel
|2 eczenas
|
| 655 |
|
7 |
|a fotografické publikace
|7 fd132276
|2 czenas
|
| 655 |
|
9 |
|a photographical works
|2 eczenas
|
| 710 |
2 |
|
|a CBS Nakladatelství
|7 ko20201088402
|4 aut
|
| 710 |
2 |
|
|a Skřivánek (firma)
|7 xx0028031
|4 trl
|
| 710 |
2 |
|
|a Penzion Jangelec (Vysoké Mýto, Česko)
|7 ko20231188357
|4 oth
|
| 710 |
2 |
|
|a Old Mill (firma)
|7 ko20231188374
|4 oth
|
| 830 |
|
0 |
|a Česko z nebe
|0 s
|
| 910 |
2 |
|
|a BOA001
|b 2-1511.203
|
| 928 |
9 |
|
|a CBS Nakladatelství
|
| 990 |
|
|
|a BK
|
| 995 |
|
|
|a 01
|
| 996 |
6 |
|
|b 2610943570
|c 2-1511.203
|l MZK
|r Sklad / do 1 hodiny
|n 0
|p p.v.
|w 001932839
|u 000010
|a 1
|e BOA001
|j MZK50
|s P
|